000 00499nam a2200181Ia 4500
005 20250923144336.0
008 008 250917s9999 xx 000 0 eng d
037 _aTextual
040 _aDSWL
_beng
_cDSWL
041 _aeng
_2eng
084 _aW, J0
_qDSWL
100 _aRow, Ernest F.
_9823872
245 0 _aHow States are governed
_cby Ernest F. Row
260 _aLondon
_bISAAC Pitman
_c1950
300 _a102 p.
942 _cTEXL
_hW, J0
999 _c1437674
_d1437674